Jo Yuri Discography - Statistics

General Stats
  • This quiz has been taken 15 times
  • The average score is 7 of 15
Answer Stats
Song % Correct
GLASSY
89%
Round and Around
67%
Express Moon
56%
Favorite Part
56%
Love Shhh!
56%
Loveable
44%
Maybe
44%
Opening
44%
Rolla Skates
44%
Autumn Memories
33%
Blank
33%
This Time
33%
My Love
22%
STORY OF US
22%
Can You Feel My Heart
11%
No matching quizzes found
Score Distribution
Percent of People with Each Score
Percentile by Number Answered
Your Score History
You have not taken this quiz